Statistics for Perfect - One Direction (All Lyrics)

Click here to take the quiz!

General Stats

  • This quiz has been taken 13 times
  • The average score is 393 of 430

Answer Stats

Answer% Correct
and
100%
baby
100%
be
100%
can
100%
can’t
100%
do
100%
for
100%
go
100%
having
100%
hotel
100%
I
100%
if
100%
I'm
100%
in
100%
know
100%
like
100%
little
100%
looking
100%
perfect
100%
room
100%
rooms
100%
secret
100%
shouldn’t
100%
so
100%
that
100%
the
100%
then
100%
things
100%
to
100%
trouble
100%
we
100%
we're
100%
were
100%
what
100%
when
100%
who
100%
you
100%
your
100%
you’re
100%
you're
100%
about
89%
across
89%
been
89%
brings
89%
but
89%
causing
89%
could
89%
dreaming
89%
even
89%
first
89%
flowers
89%
from
89%
girl
89%
going
89%
home
89%
hope
89%
making
89%
might
89%
mother
89%
never
89%
(oh
89%
one
89%
places
89%
rendezvous
89%
saw
89%
take
89%
tell
89%
tonight
89%
up
89%
whatever
89%
yeah)
89%
you've
89%
armor
78%
at
78%
'cause
78%
curious
78%
down
78%
driving
78%
good
78%
knight
78%
midnight
78%
not
78%
promises
78%
shining
78%
songs
78%
sure
78%
windows
78%
with
78%
breakup
67%
pronounce
67%
time
67%
write
67%
every
56%
flashing
56%
let's
56%
love
56%
now
56%
out
56%
right
56%
someone
56%
start
56%
any
44%
arms
44%
cameras
44%
don’t
44%
heart
44%
hold
44%
or
44%
put
44%
hands
33%
moment
33%
want
33%
here
22%
live
22%
mean
22%
them
22%

Score Distribution

Percentile by Number Answered

Percent of People with Each Score

Your Score History

You have not taken this quiz